Brown in the Answers - Statistics

General Stats
  • This quiz has been taken 61,768 times
    14,056 since last reset
  • The average score is 11 of 18
Answer Stats
Clue Answer % Correct
Snoopy's owner Charlie Brown
92%
About 80% of people in the world have them Brown eyes
85%
Animal with scientific name Ursus arctos Brown bear
84%
Popular breakfast food made from potatoes Hash browns
81%
Sucrose plus molasses Brown sugar
75%
Power failure of a lesser sort Brownout
71%
Time machine inventor from "Back to the Future" Doc Brown
71%
"The Godfather of Soul" James Brown
69%
Author of "The Da Vinci Code" Dan Brown
65%
Words following "how now" Brown cow
62%
Type of New York townhouse Brownstone
52%
Salmon relative that can live in the sea or in freshwater Brown trout
48%
Clothing worn by members of a Nazi paramilitary group Brownshirt
46%
Food product made by HP Brown sauce
45%
Chicago resident who is "meaner than a junkyard dog" Bad Bad {Leroy} {Brown}
45%
British P.M. who followed Tony Blair Gordon Brown
44%
Radical abolitionist who raided Harper's Ferry John Brown
41%
The seemingly random movement of microscopic particles in a fluid Brownian motion
21%
No matching quizzes found
Score Distribution
Percent of People with Each Score
Percentile by Number Answered
Your Score History
You have not taken this quiz since the last reset